<?xml version="1.0" encoding="UTF-8"?>
<record
    xmlns:xsi="http://www.w3.org/2001/XMLSchema-instance"
    xsi:schemaLocation="http://www.loc.gov/MARC21/slim http://www.loc.gov/standards/marcxml/schema/MARC21slim.xsd"
    xmlns="http://www.loc.gov/MARC21/slim">

  <leader>01327    a2200169   4500</leader>
  <controlfield tag="003">Nust</controlfield>
  <controlfield tag="005">20230406102734.0</controlfield>
  <datafield tag="040" ind1=" " ind2=" ">
    <subfield code="c">Nust</subfield>
  </datafield>
  <datafield tag="082" ind1=" " ind2=" ">
    <subfield code="a">954.1,KHA</subfield>
  </datafield>
  <datafield tag="100" ind1=" " ind2=" ">
    <subfield code="a">Khaliquzzaman, Choudhry</subfield>
    <subfield code="9">111760</subfield>
  </datafield>
  <datafield tag="245" ind1=" " ind2=" ">
    <subfield code="a">Pathway To Pakistan / </subfield>
    <subfield code="c">Choudhry Khaliquzzman</subfield>
  </datafield>
  <datafield tag="260" ind1=" " ind2=" ">
    <subfield code="a">pakistan</subfield>
    <subfield code="b">Longmans</subfield>
  </datafield>
  <datafield tag="300" ind1=" " ind2=" ">
    <subfield code="a">432:p</subfield>
  </datafield>
  <datafield tag="505" ind1=" " ind2=" ">
    <subfield code="a">My Family (Page-1), Early Years in Luck now 1889-1907 (Page-5), Aligarh (Page-14), Balkan war and Medical Mission 1912-1913 (Page-20), Political Debut and First World War 1914-1916 (Page-28), Muslim League (Page-36) Khilafat and Congress (Page-51), Repression and Imprisonment (Page-60), The Simon Commission and All &#x2013; Parties Conferences (Page-92), Communal Award and Unity Board 1933-34 (Page-117), The Congress-League Rift Widens 1937-38 (Page-169), Factional Disputes and the Second World War 1939 (Page-212), The Lahore Resolution 1940 (Page-230), The War Effort Controversy 1940-41 (Page-241), The Quit India Movement 1942-43 (Page-282), The Rajaji Formula 1944 (Page-308), The Election and Convention 1946 (Page-332), The Cabinet Mission Plan 1946 (Page-346), The Interim Government1946 (Page-363), Independence and Partition 1947 (Page-375), India in Ferment 1947 (Page-387), To Pakistan 1947 (Page-401).</subfield>
  </datafield>
  <datafield tag="650" ind1=" " ind2=" ">
    <subfield code="a">Pathway To Pakistan</subfield>
    <subfield code="9">111761</subfield>
  </datafield>
  <datafield tag="942" ind1=" " ind2=" ">
    <subfield code="2">ddc</subfield>
    <subfield code="c">BK</subfield>
    <subfield code="k">954.1,KHA</subfield>
  </datafield>
  <datafield tag="999" ind1=" " ind2=" ">
    <subfield code="c">187410</subfield>
    <subfield code="d">187410</subfield>
  </datafield>
  <datafield tag="952" ind1=" " ind2=" ">
    <subfield code="0">0</subfield>
    <subfield code="1">0</subfield>
    <subfield code="2">ddc</subfield>
    <subfield code="4">0</subfield>
    <subfield code="7">0</subfield>
    <subfield code="a">MCS</subfield>
    <subfield code="b">MCS</subfield>
    <subfield code="c">GEN</subfield>
    <subfield code="d">2016-12-12</subfield>
    <subfield code="o">954.1,KHA</subfield>
    <subfield code="p">MCS29520</subfield>
    <subfield code="r">2016-12-08</subfield>
    <subfield code="w">2016-12-12</subfield>
    <subfield code="y">BK</subfield>
    <subfield code="z">Almirah No.75, Shelf No.7</subfield>
  </datafield>
</record>
